Contos e lendas de Portugal e do mundo (Registo nº 114)

Detalhes MARC
000 -Etiqueta do registo
Cabeçalho 01110nam0a2200313 4500
005 - Identificador da versão
Campo de controlo 20240813121755.0
010 ## - Número internacional normalizado dos livros (ISBN)
Número (ISBN) 9789720716705
021 ## - Número do Depósito Legal
Código do país PT
Número 299357/09
100 ## - Dados gerais de processamento
Dados gerais de processamento 20150326d2009 a e0pory5003 ba
102 ## - Pais de publicação ou produção
País de publicação Portugal
101 0# - Língua de publicação
Língua do texto, banda sonora, etc. Português
215 ## - Descrição física 
Indicação específica da natureza do documento e extensão da espécie 62, [2] p.
Outras indicações físicas il. color
200 1# - Titulo e menção de responsabilidade
Título próprio Contos e lendas de Portugal e do mundo
Primeira menção de responsabilidade sel., adapt. e reconto de João Pedro Mésseder e Isabel Ramalhete
Outras menções de responsabilidade il. de Fátima Afonso
225 2# - Colecção 
Título próprio da colecção Oficina dos sonhos
Nome de uma parte ou secção Clássicos
210 ## - Publicação, Distribuição, etc. 
Lugar da edição, distribuição, etc. Porto
Nome do editor, distribuidor, etc. Porto ed.
Data da publicação, distribuição, etc. cop. 2009
300 ## - Notas gerais 
Texto da nota Metas Curriculares
314 ## - Notas relativas a responsabilidade intelectual 
Texto da nota João Pedro Mésseder é pseudónimo de José António Gomes
606 ## - Nome comum usado como assunto
Número de registo de entrada de autoridade 0002010
Palavra de ordem Literatura portuguesa
Subdivisão de assunto Conto
Código do sistema CA
Número de registo de entrada de autoridade 0002164
Palavra de ordem Literatura portuguesa
Subdivisão de assunto Lendas
Código do sistema CA
675 ## - Classificação Decimal Universal (CDU)
Notação 821.134.3-34
Edição 3ª ed.
Língua da edição por
Notação 821.134.3-343
Edição 3ª ed.
Língua da edição por
702 #1 - Nome de autor-pessoa física (responsabilidade secundária)
Número de registo de entrada de autoridade 0002647
Palavra de ordem Mésseder
Outra parte do nome não tomada para palavra de ordem João Pedro
Elementos de identificação ou distinção pseud.
Datas 1957-
Código de função Editor literário / Coordenador
Número de registo de entrada de autoridade 0002166
Palavra de ordem Ramalhete
Outra parte do nome não tomada para palavra de ordem Isabel
Código de função Editor literário / Coordenador
Número de registo de entrada de autoridade 0002167
Palavra de ordem Afonso
Outra parte do nome não tomada para palavra de ordem Fátima
Código de função Ilustrador / Técnico de desenho computorizado
966 ## - Identificação da Biblioteca
Sigla EB2,3ENM
942 ## - Elementos de entrada adicionados (Koha)
Tipo de item no Koha Livro
Exemplares
Situação do levantamento Origin of item (home branch) (coded) Biblioteca de empréstimo Código de barras Cota Circulation type (not for loan) Tipo de documento Nota do exemplar Damaged status
  Biblioteca Escolar Eng. Nuno Mergulhão Biblioteca Escolar Eng. Nuno Mergulhão BENM3506 82LP-34 CON MET   Livro Sem mensagem